[Event "Lliga Catalana eq. DH"]
[Site "?"]
[Date "2014.03.08"]
[Round "5.7"]
[White "Llaneza Vega, P."]
[Black "Rechi Perez, F."]
[Result "1-0"]
[WhiteElo "2306"]
[BlackElo "2024"]
[PlyCount "59"]
[EventDate "2014.??.??"]
[EventType "team"]
[EventCountry "ESP"]

1. e4 e6 2. d4 d5 3. Nc3 dxe4 4. Nxe4 Nf6 5. Bg5 Be7 6. Bxf6 Bxf6 7. Nf3 O-O 8.
Qd2 Nd7 9. O-O-O b6 10. Bd3 Bb7 11. h4 c5 12. Neg5 h6 13. Bh7+ Kh8 14. Be4 Bxe4
15. Nxe4 Qc7 16. g4 Qc6 17. Qe2 Bxd4 18. Nxd4 cxd4 19. Rxd4 Nc5 20. Ng3 Rac8
21. Rhd1 f6 22. Kb1 e5 23. Rd6 Qa4 24. f3 Rc7 25. Qd2 Rfc8 26. Rd8+ Kh7 27.
Rxc8 Rxc8 28. Nf5 Ne6 29. b3 Qc6 30. Ne7 1-0

[Event "Lliga Catalana eq. DH"]
[Site "?"]
[Date "2014.02.22"]
[Round "5.7"]
[White "Martinez Ramirez, E."]
[Black "Aloma Vidal, R."]
[Result "0-1"]
[WhiteElo "2372"]
[BlackElo "2471"]
[PlyCount "64"]
[EventDate "2014.??.??"]
[EventType "team"]
[EventCountry "ESP"]

1. e4 e5 2. Nf3 Nc6 3. d4 exd4 4. Nxd4 Nf6 5. Nc3 Bb4 6. Nxc6 bxc6 7. Bd3 d5 8.
exd5 O-O 9. O-O cxd5 10. Bg5 c6 11. Qf3 Bd6 12. Ne2 Be5 13. Rab1 Re8 14. Rfe1
h6 15. Bf4 Bg4 16. Qg3 Bxf4 17. Nxf4 Qa5 18. f3 Bd7 19. a3 Qd2 20. Ne2 c5 21.
Rbd1 Qa5 22. c4 Ba4 23. cxd5 Bxd1 24. Rxd1 c4 25. Be4 Qb6+ 26. Kf1 Qxb2 27. d6
Rad8 28. Qf4 c3 29. a4 c2 30. Rc1 Nxe4 31. fxe4 Re6 32. e5 Qxe5 0-1

[Event "Lliga Catalana eq. DH"]
[Site "?"]
[Date "2014.02.22"]
[Round "5.7"]
[White "Mateu Guiu, E."]
[Black "Carrasco Rodriguez, J."]
[Result "1/2-1/2"]
[WhiteElo "2159"]
[BlackElo "2283"]
[PlyCount "79"]
[EventDate "2014.??.??"]
[EventType "team"]
[EventCountry "ESP"]

1. e4 c5 2. Nf3 d6 3. d4 cxd4 4. Nxd4 Nf6 5. Nc3 a6 6. f3 e5 7. Nb3 Be6 8. Be3
Nbd7 9. Qd2 b5 10. g4 Nb6 11. g5 Nfd7 12. Nd5 Rc8 13. Nxb6 Nxb6 14. Bxb6 Qxb6
15. O-O-O Be7 16. h4 O-O 17. Kb1 b4 18. f4 exf4 19. Qxf4 a5 20. Nd4 Qc5 21. Bh3
Kh8 22. Qd2 Qe5 23. Nf5 Rfe8 24. Rhe1 Bf8 25. Re3 Rc7 26. h5 g6 27. hxg6 fxg6
28. Nd4 Bg7 29. Bxe6 Rxe6 30. Qc1 Re8 31. Nf3 Qf4 32. Rde1 Rce7 33. Rd3 Qxc1+
34. Kxc1 Rxe4 35. Rxe4 Rxe4 36. Rxd6 Rf4 37. Rd3 Rf5 38. c3 h6 39. gxh6 Bxh6+
40. Kd1 1/2-1/2

[Event "Lliga Catalana eq. DH"]
[Site "?"]
[Date "2014.02.22"]
[Round "5.8"]
[White "Castellano Egea, E."]
[Black "Lopez Agustench, E."]
[Result "0-1"]
[WhiteElo "2282"]
[BlackElo "2317"]
[PlyCount "72"]
[EventDate "2014.??.??"]
[EventType "team"]
[EventCountry "ESP"]

1. e4 c5 2. Nf3 e6 3. d4 cxd4 4. Nxd4 a6 5. Nc3 Qc7 6. g3 Bb4 7. Nde2 Nf6 8.
Bg2 Be7 9. O-O Nc6 10. Nf4 d6 11. Nh5 O-O 12. Bg5 Nxh5 13. Bxe7 Qxe7 14. Qxh5
Rb8 15. f4 b5 16. Kh1 b4 17. Ne2 Rb5 18. Qh3 Bb7 19. g4 Rc5 20. c3 a5 21. Qd3
Re8 22. Nd4 bxc3 23. bxc3 Nb8 24. a4 d5 25. e5 Ba6 26. Nb5 Rec8 27. Rfc1 Nc6
28. Bf1 Na7 29. Qf3 Nxb5 30. axb5 Bxb5 31. Rxa5 Bxf1 32. Rxc5 Qxc5 33. Qxf1 Qe3
34. Re1 Qxc3 35. f5 Qb4 36. Rc1 Qe4+ 0-1

[Event "Lliga Catalana eq. DH"]
[Site "?"]
[Date "2014.02.22"]
[Round "5.8"]
[White "Castellet Giralt, G."]
[Black "Mendoza Barbera, P."]
[Result "1/2-1/2"]
[WhiteElo "2293"]
[BlackElo "2035"]
[PlyCount "111"]
[EventDate "2014.??.??"]
[EventType "team"]
[EventCountry "ESP"]

1. d4 Nf6 2. c4 g6 3. Nc3 Bg7 4. e4 d6 5. f4 c5 6. dxc5 Qa5 7. Bd3 Qxc5 8. Qe2
Nc6 9. Nf3 Bg4 10. Be3 Bxf3 11. gxf3 Qa5 12. O-O O-O 13. Rac1 e6 14. Rfd1 Rfd8
15. Qf2 d5 16. e5 d4 17. Bd2 dxc3 18. Bxc3 Qc7 19. exf6 Qxf4 20. fxg7 Rxd3 21.
Rxd3 Qxc1+ 22. Kg2 Qg5+ 23. Qg3 Qxg3+ 24. Kxg3 Rd8 25. Rxd8+ Nxd8 26. Kf4 Nc6
27. a3 a5 28. b3 h6 29. h4 f5 30. c5 Kf7 31. b4 axb4 32. axb4 e5+ 33. Ke3 Kxg7
34. b5 Na7 35. c6 b6 36. Bxe5+ Kf7 37. Kd3 Ke6 38. Bd4 Nxb5 39. Bxb6 Kd6 40.
Be3 h5 41. Bc1 Kxc6 42. Ke3 Kd5 43. Kf4 Ke6 44. Kg5 Kf7 45. Bb2 Nc7 46. Kf4
Ne6+ 47. Ke5 Nc5 48. Kd4 Nd7 49. Kd5 Nf6+ 50. Ke5 Nd7+ 51. Kf4 Nc5 52. Bc3 Nd3+
53. Ke3 Nc1 54. Bb4 Ke6 55. Ba3 Nb3 56. Kf4 1/2-1/2

[Event "Lliga Catalana eq. DH"]
[Site "?"]
[Date "2014.02.22"]
[Round "5.8"]
[White "Fernandez Alonso, MA."]
[Black "Prat Llables, J."]
[Result "1-0"]
[WhiteElo "2214"]
[BlackElo "2283"]
[PlyCount "57"]
[EventDate "2014.??.??"]
[EventType "team"]
[EventCountry "ESP"]

1. d4 Nf6 2. c4 g6 3. Nc3 d6 4. e4 Bg7 5. h3 O-O 6. Be3 c5 7. d5 e6 8. Bd3 a6
9. a4 exd5 10. cxd5 Nbd7 11. Nf3 Nh5 12. O-O Ne5 13. Nxe5 Bxe5 14. f4 Bg7 15.
g4 Nf6 16. Qf3 Nd7 17. Rae1 Rb8 18. Re2 Qa5 19. e5 dxe5 20. f5 Nf6 21. g5 e4
22. Nxe4 Nxe4 23. Qxe4 gxf5 24. Rxf5 Qb4 25. Qxb4 cxb4 26. Rf4 Bd7 27. Rh4 Rfe8
28. Bxh7+ Kf8 29. Bc5+ 1-0

[Event "Lliga Catalana eq. DH"]
[Site "?"]
[Date "2014.02.22"]
[Round "5.8"]
[White "Garcia Pichon, E."]
[Black "Onna Amargant, J."]
[Result "1-0"]
[WhiteElo "2260"]
[BlackElo "2072"]
[PlyCount "39"]
[EventDate "2014.??.??"]
[EventType "team"]
[EventCountry "ESP"]

1. e4 e6 2. d4 d5 3. e5 c5 4. c3 Nc6 5. Nf3 Qb6 6. a3 c4 7. Nbd2 Bd7 8. b3 cxb3
9. Nxb3 Na5 10. Nxa5 Qxa5 11. Bd2 Qa4 12. Qb1 b5 13. Bd3 g6 14. O-O Rc8 15. h4
Bh6 16. Rc1 Bxd2 17. Nxd2 Nh6 18. Qb4 a5 19. Qb2 O-O 20. Bc2 1-0

[Event "Lliga Catalana eq. DH"]
[Site "?"]
[Date "2014.02.22"]
[Round "5.8"]
[White "Quintas Galeano, L."]
[Black "Llaneza Vega, P."]
[Result "1/2-1/2"]
[WhiteElo "2222"]
[BlackElo "2306"]
[PlyCount "64"]
[EventDate "2014.??.??"]
[EventType "team"]
[EventCountry "ESP"]

1. e4 c5 2. Nc3 Nc6 3. d3 e6 4. g3 Nf6 5. Bg2 d5 6. exd5 Nxd5 7. Nge2 Nf6 8.
O-O Be7 9. Ne4 O-O 10. Be3 Nxe4 11. Bxe4 e5 12. f4 Bg4 13. Qd2 c4 14. Bxc6 cxd3
15. cxd3 bxc6 16. fxe5 Bxe2 17. Qxe2 Qd5 18. d4 Rab8 19. b3 a5 20. Qg2 Ba3 21.
Qxd5 cxd5 22. Rf2 Rbc8 23. Raf1 Rc3 24. Rf3 Bb2 25. Kg2 Rfc8 26. Kh3 Rd3 27.
Bg1 Rxf3 28. Rxf3 Rc1 29. Kg2 Rd1 30. Rf1 Rd3 31. Rf3 Rd1 32. Rf1 Rd3 1/2-1/2

[Event "Lliga Catalana eq. DH"]
[Site "?"]
[Date "2014.02.22"]
[Round "5.8"]
[White "Sanchez Ibern, M."]
[Black "Perez Mañas, B."]
[Result "1/2-1/2"]
[WhiteElo "2445"]
[BlackElo "2375"]
[PlyCount "84"]
[EventDate "2014.??.??"]
[EventType "team"]
[EventCountry "ESP"]

1. Nf3 d5 2. b3 Nf6 3. Bb2 g6 4. c4 c6 5. g3 Bg7 6. Bg2 O-O 7. O-O Bg4 8. d3
Nbd7 9. Nbd2 Re8 10. h3 Bxf3 11. Nxf3 e5 12. cxd5 cxd5 13. Rc1 Qa5 14. a3 e4
15. b4 Qa6 16. Ne1 Ne5 17. Qb3 Nc6 18. Nc2 Qb6 19. dxe4 Nxe4 20. Bxg7 Kxg7 21.
Rcd1 Rad8 22. e3 Ne7 23. g4 Qf6 24. f3 Qc3 25. Qxc3+ Nxc3 26. Rd3 Rc8 27. Nd4
Red8 28. f4 Na4 29. f5 Rd6 30. g5 Nxf5 31. Nxf5+ gxf5 32. Rxf5 Nc3 33. Bxd5
Nxd5 34. e4 Rc1+ 35. Rf1 Rc3 36. Rff3 Rc1+ 37. Kh2 Rc2+ 38. Kg1 Re6 39. exd5
Re1+ 40. Rf1 Ree2 41. Rfd1 Rg2+ 42. Kh1 Rh2+ 1/2-1/2

[Event "Lliga Catalana eq. DH"]
[Site "?"]
[Date "2014.02.22"]
[Round "5.8"]
[White "Subirachs Mancebo, G."]
[Black "Vigoa Apecheche, Y."]
[Result "0-1"]
[WhiteElo "2213"]
[BlackElo "2321"]
[PlyCount "59"]
[EventDate "2014.??.??"]
[EventType "team"]
[EventCountry "ESP"]

1. e4 c5 2. b3 g6 3. Bb2 Nf6 4. e5 Nd5 5. Bc4 Nc7 6. Qf3 Ne6 7. h4 h5 8. Nc3
Bg7 9. Ne4 Nc6 10. Bxe6 dxe6 11. O-O-O Qa5 12. Kb1 c4 13. bxc4 Bxe5 14. Bxe5
Nxe5 15. Qb3 Qc7 16. d3 Bd7 17. Ne2 O-O 18. f4 Ng4 19. Rdf1 b5 20. c5 Bc6 21.
N2g3 Bd5 22. Qb2 Qc6 23. f5 exf5 24. Rxf5 Bxe4 25. dxe4 gxf5 26. Nxh5 Qh6 27.
Ng3 fxe4 28. Nxe4 Rad8 29. Qc3 Qe3 30. Nf6+ 0-1

[Event "Lliga Catalana eq. DH"]
[Site "?"]
[Date "2014.02.22"]
[Round "5.9"]
[White "Costa, V."]
[Black "Bru Rull, L."]
[Result "0-1"]
[WhiteElo "2033"]
[BlackElo "2263"]
[PlyCount "72"]
[EventDate "2014.??.??"]
[EventType "team"]
[EventCountry "ESP"]

1. c4 Nf6 2. g3 e5 3. Bg2 d5 4. cxd5 Nxd5 5. Nf3 Nc6 6. O-O Be7 7. d4 e4 8. Ne5
f5 9. Nxc6 bxc6 10. Nc3 O-O 11. Qa4 Bd7 12. Qc4 Be8 13. Bf4 Bf7 14. Nxd5 Bxd5
15. Qa4 Qd7 16. Rfc1 g5 17. Be5 f4 18. e3 f3 19. Bf1 Bd6 20. Bxd6 cxd6 21. h3
Rf6 22. Rc3 Rh6 23. Rac1 Rxh3 24. Rxc6 Qg4 25. Rc8+ Rxc8 26. Rxc8+ Qxc8 27.
Bxh3 Qxh3 28. Qe8+ Kg7 29. Qe7+ Kg6 30. Qe8+ Kg7 31. Qe7+ Kg6 32. Qe8+ Bf7 33.
Qxe4+ Qf5 34. Qc6 Qd5 35. Qc2+ Kg7 36. e4 Qxd4 0-1

[Event "Lliga Catalana eq. DH"]
[Site "?"]
[Date "2014.02.22"]
[Round "5.9"]
[White "Garcia Jimenez, FJ."]
[Black "Martin Gonzalez, A."]
[Result "0-1"]
[WhiteElo "2362"]
[BlackElo "2464"]
[PlyCount "200"]
[EventDate "2014.??.??"]
[EventType "team"]
[EventCountry "ESP"]

1. e4 c5 2. Nc3 Nc6 3. g3 g6 4. Bg2 Bg7 5. d3 d6 6. Nge2 e5 7. O-O Nge7 8. Nd5
Nxd5 9. exd5 Ne7 10. c3 Qb6 11. b4 cxb4 12. Rb1 Qa5 13. Rxb4 O-O 14. Qb3 a6 15.
Rb6 Rd8 16. Ba3 Nf5 17. Re1 Bf8 18. Nc1 Nd4 19. Qb4 Qxb4 20. Bxb4 Nc2 21. Re2
Nxb4 22. Rxb4 b5 23. Nb3 Bf5 24. Be4 Bd7 25. Na5 Rac8 26. Rb3 Rc7 27. Bf3 Bg7
28. c4 bxc4 29. dxc4 f5 30. Nb7 Rb8 31. Nxd6 Rxb3 32. axb3 e4 33. Bxe4 fxe4 34.
Nxe4 Bg4 35. d6 Rc8 36. Rd2 Bd7 37. c5 Bc6 38. f3 h6 39. d7 Rd8 40. Rd6 Bxe4
41. fxe4 Be5 42. Rxg6+ Kh7 43. Rxa6 Bd4+ 44. Kg2 Bxc5 45. Ra5 Be7 46. Ra7 Bc5
47. Rb7 Kg7 48. b4 Bd6 49. b5 Kf7 50. Rb6 Rxd7 51. e5 Bxe5 52. Rxh6 Rd2+ 53.
Kh3 Rb2 54. Rh7+ Kg6 55. Rb7 Bd4 56. Kg4 Rxh2 57. Kf3 Rb2 58. Ke4 Bf2 59. Kf3
Bc5 60. b6 Rf2+ 61. Kg4 Rf6 62. Ra7 Bxb6 63. Ra6 Rc6 64. Kh3 Kg5 65. Ra3 Rc2
66. Rb3 Bc5 67. Rb5 Rc3 68. Ra5 Kf5 69. Ra8 Bd6 70. Rg8 Ke4 71. Rg7 Kf3 72.
Rf7+ Ke2 73. Rg7 Kf2 74. Rf7+ Kg1 75. Rg7 Rc2 76. Rd7 Rd2 77. Kg4 Kg2 78. Rd8
Rd3 79. Kf5 Rf3+ 80. Ke4 Bxg3 81. Rd2+ Bf2 82. Rd1 Rf8 83. Rd7 Re8+ 84. Kd3 Be3
85. Rf7 Kg3 86. Rd7 Kf3 87. Rf7+ Bf4 88. Rd7 Re1 89. Rf7 Rd1+ 90. Kc2 Rd5 91.
Kc3 Ke4 92. Kc4 Rd1 93. Re7+ Be5 94. Kb3 Rc1 95. Re8 Rc6 96. Kb4 Kd5 97. Kb3
Rb6+ 98. Kc2 Ke4 99. Kc1 Rb5 100. Re6 Kd3 0-1

[Event "Lliga Catalana eq. DH"]
[Site "?"]
[Date "2014.02.22"]
[Round "5.9"]
[White "Marques Taltavull, A."]
[Black "Palomo Teruel, X."]
[Result "0-1"]
[WhiteElo "2254"]
[BlackElo "2171"]
[PlyCount "88"]
[EventDate "2014.??.??"]
[EventType "team"]
[EventCountry "ESP"]

1. Nf3 Nf6 2. c4 g6 3. b4 Bg7 4. Bb2 c6 5. d4 d5 6. Nbd2 O-O 7. e3 Bf5 8. Be2
Nbd7 9. a4 Ne4 10. cxd5 cxd5 11. Qb3 Ndf6 12. Rc1 Qd6 13. h3 Rfc8 14. O-O Qe6
15. Rfd1 Rxc1 16. Rxc1 Rc8 17. g4 Rxc1+ 18. Bxc1 Bxg4 19. hxg4 Qxg4+ 20. Kf1
Qh3+ 21. Ke1 Qg2 22. Kd1 Nxf2+ 23. Kc2 N2g4 24. Qd3 Bh6 25. Nf1 Ne4 26. Kb3
Ngf2 27. Qc2 Nd6 28. Ne5 Nfe4 29. Bd3 Qxc2+ 30. Kxc2 Bg7 31. Nd2 Nf2 32. Be2
Bxe5 33. dxe5 Nde4 34. Bf3 h5 35. Nf1 h4 36. Nh2 g5 37. b5 Kg7 38. Ba3 e6 39.
a5 Kg6 40. a6 bxa6 41. bxa6 Kf5 42. Bd6 g4 43. Nxg4 Nxg4 44. Bg2 Nxe3+ 0-1

[Event "Lliga Catalana eq. DH"]
[Site "?"]
[Date "2014.02.22"]
[Round "5.9"]
[White "Pijuan Herranz, M."]
[Black "Lopez Forn, M."]
[Result "1/2-1/2"]
[WhiteElo "2313"]
[BlackElo "2176"]
[PlyCount "37"]
[EventDate "2014.??.??"]
[EventType "team"]
[EventCountry "ESP"]

1. d4 Nf6 2. Nf3 Ne4 3. Ng5 Nxg5 4. Bxg5 c5 5. d5 d6 6. e4 g6 7. Nc3 Bg7 8. Qd2
a6 9. Bh6 Bd4 10. Be2 b5 11. a4 b4 12. Nd1 a5 13. c3 Bf6 14. Ne3 Ba6 15. Nc4
Nd7 16. O-O Qc7 17. f4 Bxc4 18. Bxc4 O-O-O 19. Rfc1 1/2-1/2

[Event "Lliga Catalana eq. DH"]
[Site "?"]
[Date "2014.02.22"]
[Round "5.9"]
[White "Rechi Perez, F."]
[Black "Soler Rionegro, A."]
[Result "1/2-1/2"]
[WhiteElo "2024"]
[BlackElo "2079"]
[PlyCount "87"]
[EventDate "2014.??.??"]
[EventType "team"]
[EventCountry "ESP"]

1. e4 c5 2. Nf3 Nc6 3. Bb5 g6 4. O-O Bg7 5. d3 Nf6 6. Nc3 O-O 7. Be3 b6 8. Bxc6
dxc6 9. h3 Qc7 10. Qc1 Re8 11. Bf4 e5 12. Bh6 Bh8 13. Ne2 Be6 14. Ng3 Rad8 15.
b3 b5 16. Bg5 Rd7 17. Qb2 h5 18. Rae1 Nh7 19. Be3 c4 20. dxc4 bxc4 21. Ng5 Nxg5
22. Bxg5 f6 23. Be3 Red8 24. Qc3 cxb3 25. axb3 a6 26. Ra1 Ra8 27. Ra5 Qc8 28.
Rc5 Rd6 29. Ra1 Bg7 30. Rca5 Bf8 31. Bc5 Rd7 32. Bxf8 Kxf8 33. Nf1 Kg8 34. Qc5
Raa7 35. Kh2 Qb7 36. Qa3 Rd4 37. f3 Bc8 38. Qc5 Qe7 39. Qc3 Qd6 40. Ne3 Rg7 41.
Nc4 Qc7 42. Qe3 g5 43. Rc5 Rd8 44. Rg1 {La resta Ã s illegible} 1/2-1/2

[Event "Lliga Catalana eq. DH"]
[Site "?"]
[Date "2014.02.22"]
[Round "5.9"]
[White "Yastrebova, T."]
[Black "Gonzalez Hernandez, F."]
[Result "1-0"]
[WhiteElo "2108"]
[BlackElo "2267"]
[PlyCount "73"]
[EventDate "2014.??.??"]
[EventType "team"]
[EventCountry "ESP"]

1. d4 d5 2. c4 e6 3. Nc3 Be7 4. Nf3 Nf6 5. Bg5 h6 6. Bh4 O-O 7. e3 Ne4 8. Bxe7
Qxe7 9. Bd3 Nxc3 10. bxc3 dxc4 11. Bxc4 Nd7 12. O-O c5 13. e4 b6 14. Qe2 Bb7
15. Rfd1 Nf6 16. Bd3 Rfd8 17. Rac1 Rac8 18. Bb1 Qc7 19. e5 Nd7 20. Qe3 Nf8 21.
Re1 Qd7 22. Rcd1 Qe7 23. Nd2 Rd7 24. Be4 cxd4 25. cxd4 Bxe4 26. Nxe4 Qb4 27.
Nd6 Rc2 28. Qb3 Qxb3 29. axb3 Ng6 30. g3 Ne7 31. Rc1 Rdc7 32. Rxc2 Rxc2 33. Re3
Ng6 34. Rf3 f6 35. exf6 gxf6 36. Rxf6 Nf8 37. Rf7 1-0

[Event "Lliga Catalana eq. DH"]
[Site "?"]
[Date "2014.02.22"]
[Round "5.9"]
[White "Yepes Martinez, E."]
[Black "Codina Garcia, J."]
[Result "1-0"]
[WhiteElo "2320"]
[BlackElo "2219"]
[PlyCount "63"]
[EventDate "2014.??.??"]
[EventType "team"]
[EventCountry "ESP"]

1. e4 e6 2. d4 d5 3. Nc3 Be7 4. Bd3 dxe4 5. Nxe4 Nf6 6. Be3 Nbd7 7. Nf3 b6 8.
Ne5 Nxe5 9. dxe5 Nxe4 10. Bxe4 Qxd1+ 11. Rxd1 Rb8 12. Bc6+ Kf8 13. O-O h6 14.
f4 g6 15. Rd2 Kg7 16. Rfd1 Ba6 17. Rd7 Rhd8 18. R1d2 Rxd7 19. Rxd7 Bd8 20. Kf2
Kf8 21. b3 Rc8 22. c4 Be7 23. Ke2 Bc5 24. Bd2 h5 25. Kd3 Be7 26. Kc3 Rb8 27.
Rxc7 Rc8 28. Rxa7 Rxc6 29. Rxa6 Ke8 30. Be3 Bd8 31. b4 Kd7 32. b5 1-0

[Event "Lliga Catalana eq. DH"]
[Site "?"]
[Date "2014.02.22"]
[Round "5.10"]
[White "Anguera Maestro, J."]
[Black "Cortes Ruiz, X."]
[Result "1-0"]
[WhiteElo "2263"]
[BlackElo "1964"]
[PlyCount "82"]
[EventDate "2014.??.??"]
[EventType "team"]
[EventCountry "ESP"]

1. d4 Nf6 2. c4 g6 3. Nc3 Bg7 4. e4 d6 5. f3 O-O 6. Be3 Nbd7 7. Bd3 e5 8. Nge2
Ne8 9. O-O f5 10. f4 exd4 11. Nxd4 Nc5 12. exf5 Nxd3 13. Qxd3 Bxd4 14. Bxd4
Bxf5 15. Qf3 c6 16. Rae1 Nf6 17. h3 h5 18. Re2 Qd7 19. Rfe1 Rae8 20. Qg3 Rxe2
21. Rxe2 Re8 22. Bxf6 Rxe2 23. Nxe2 Qe6 24. Qg5 Kf7 25. Nc3 Qxf6 26. Qxf6+ Kxf6
27. Kf2 Bd3 28. b3 b5 29. cxb5 cxb5 30. a3 a5 31. b4 axb4 32. axb4 Kf5 33. Kf3
d5 34. g4+ hxg4+ 35. hxg4+ Ke6 36. Ke3 Bf1 37. Kd4 Bh3 38. Nxb5 Bxg4 39. Nc7+
Kd6 40. Nxd5 Bf5 41. b5 Ke6 1-0

[Event "Lliga Catalana eq. DH"]
[Site "?"]
[Date "2014.02.22"]
[Round "5.10"]
[White "Benet Morant, D."]
[Black "Clopes Llahi, J."]
[Result "1/2-1/2"]
[WhiteElo "2168"]
[BlackElo "2227"]
[PlyCount "138"]
[EventDate "2014.??.??"]
[EventType "team"]
[EventCountry "ESP"]

1. d4 Nf6 2. c4 e6 3. g3 Bb4+ 4. Bd2 c5 5. Nf3 O-O 6. Bg2 d6 7. O-O Nc6 8. e3
Re8 9. Nc3 e5 10. d5 Ne7 11. a3 Bxc3 12. Bxc3 Ne4 13. Be1 f5 14. Nd2 Nf6 15. b4
cxb4 16. axb4 b5 17. Ra5 bxc4 18. Nxc4 Qc7 19. Nxe5 Bb7 20. Qb3 Ne4 21. Nc6 Kh8
22. Bxe4 fxe4 23. Nxe7 Rxe7 24. Bc3 Rf7 25. Bd4 a6 26. Qb1 Re8 27. Rc1 Qd7 28.
Qb2 Ref8 29. Rc2 Qg4 30. Qc1 Bc8 31. b5 axb5 32. Rxb5 Ba6 33. Rbb2 Bd3 34. Rd2
Rc8 35. Qd1 Qh3 36. Ra2 Rb8 37. Rdb2 Rbf8 38. Rb6 Qh6 39. Rab2 Qg6 40. Rb7 h6
41. R2b6 Qf5 42. Rxf7 Rxf7 43. Qd2 Qxd5 44. f4 Kh7 45. Qb2 Qh5 46. Qd2 Rc7 47.
Rb2 Qf3 48. Qe1 Ba6 49. Rf2 Qg4 50. Rd2 Qc8 51. Rd1 Rc2 52. Rd2 Rc4 53. Kg2 Rc1
54. Qf2 Bf1+ 55. Qxf1 Rxf1 56. Kxf1 Qc4+ 57. Kf2 h5 58. Rb2 Qc6 59. Kg2 d5 60.
Rb6 Qd7 61. Ra6 h4 62. Ra7 h3+ 63. Kf2 Qc6 64. Rxg7+ Kh6 65. g4 Qc2+ 66. Kg3
Qg2+ 67. Kh4 Qf2+ 68. Kxh3 Qf3+ 69. Kh4 Qf2+ 1/2-1/2

[Event "Lliga Catalana eq. DH"]
[Site "?"]
[Date "2014.02.22"]
[Round "5.10"]
[White "Garcia Castellote, O."]
[Black "Pinsach Gelabert, A."]
[Result "0-1"]
[WhiteElo "2171"]
[BlackElo "2295"]
[PlyCount "84"]
[EventDate "2014.??.??"]
[EventType "team"]
[EventCountry "ESP"]

1. e4 e5 2. Nf3 Nc6 3. Bb5 a6 4. Ba4 Nf6 5. d4 exd4 6. O-O Be7 7. Re1 b5 8. Bb3
d6 9. Bd5 Nxd5 10. exd5 Ne5 11. Nxd4 O-O 12. Nc3 Bg4 13. f3 Bd7 14. a4 b4 15.
Nce2 Re8 16. b3 Qb8 17. f4 Ng4 18. h3 Nf6 19. c4 Ne4 20. Qd3 Bh4 21. Rf1 Bf6
22. Rb1 Qb6 23. Kh2 Nc5 24. Qf3 Re4 25. Be3 Rae8 26. Bf2 Qb8 27. Rfd1 Bxd4 28.
Nxd4 Qd8 29. g3 Qf6 30. Qg2 h5 31. h4 Bg4 32. Rd2 R4e7 33. Nc6 Re2 34. Rxe2
Rxe2 35. Nd4 Rd2 36. Nf3 Bxf3 37. Qxf3 Nd3 38. Rf1 Qb2 39. Kg1 Qxb3 40. Re1
Qxa4 41. Qe3 Nxe1 42. Bxe1 Rd1 0-1

[Event "Lliga Catalana eq. DH"]
[Site "?"]
[Date "2014.02.22"]
[Round "5.10"]
[White "Gil Gil, A."]
[Black "Gorgues Mateu, D."]
[Result "0-1"]
[WhiteElo "2022"]
[BlackElo "1865"]
[PlyCount "50"]
[EventDate "2014.??.??"]
[EventType "team"]
[EventCountry "ESP"]

1. e4 e6 2. d4 d5 3. e5 c5 4. c3 Nc6 5. Nf3 Qb6 6. dxc5 Bxc5 7. Qc2 a5 8. Bd3
Nge7 9. O-O Ng6 10. Qe2 Bd7 11. Nbd2 Nf4 12. Qd1 Nxd3 13. b4 axb4 14. cxb4
Bxf2+ 15. Kh1 Be3 16. b5 Ncxe5 17. Nxe5 Nxe5 18. Qh5 Bd4 19. Rb1 Rxa2 20. Nb3
O-O 21. Rf4 Qxb5 22. Nd2 Qd3 23. Rb3 Qc2 24. Rf1 Rc8 25. Rh3 h6 0-1

[Event "Lliga Catalana eq. DH"]
[Site "?"]
[Date "2014.02.22"]
[Round "5.10"]
[White "Ibañez Tarradellas, E."]
[Black "Rivas Garcia, V."]
[Result "1/2-1/2"]
[WhiteElo "2400"]
[BlackElo "2331"]
[PlyCount "52"]
[EventDate "2014.??.??"]
[EventType "team"]
[EventCountry "ESP"]

1. d4 f5 2. Bg5 g6 3. e3 Nh6 4. Nf3 Nf7 5. Bh4 Bg7 6. c4 O-O 7. Nc3 c6 8. Be2
d6 9. Rc1 Qe8 10. d5 Na6 11. O-O Bd7 12. Nd4 Nc7 13. Bg3 c5 14. Nb3 Ne5 15. f4
Nf7 16. Bf3 a6 17. Nd2 b5 18. b3 Rb8 19. e4 fxe4 20. Ncxe4 Nh6 21. Re1 Nf5 22.
Bf2 h6 23. g3 Qf7 24. Rb1 b4 25. Bg2 Nd4 26. Nf3 Nxf3+ 1/2-1/2

[Event "Lliga Catalana eq. DH"]
[Site "?"]
[Date "2014.02.22"]
[Round "5.10"]
[White "Valencia Jimenez, J."]
[Black "Gonzalez Alonso, F."]
[Result "1-0"]
[WhiteElo "2221"]
[BlackElo "1984"]
[PlyCount "73"]
[EventDate "2014.??.??"]
[EventType "team"]
[EventCountry "ESP"]

1. d4 d5 2. c4 c6 3. Nc3 e6 4. e3 Nf6 5. Nf3 Be7 6. Bd3 Nbd7 7. O-O O-O 8. b3
b6 9. Bb2 Bb7 10. Rc1 Rc8 11. Qe2 Bd6 12. e4 dxe4 13. Nxe4 Nxe4 14. Qxe4 g6 15.
Rfe1 Re8 16. Bb1 Bf8 17. Rcd1 Bg7 18. Bc1 Ba8 19. Bg5 Bf6 20. Qh4 Bxg5 21. Nxg5
Nf8 22. Re3 Rc7 23. c5 Qf6 24. Rf3 Qg7 25. Qf4 Rd7 26. Ne4 f5 27. Nd6 Red8 28.
b4 g5 29. Qe3 Rxd6 30. cxd6 Rxd6 31. Qb3 c5 32. dxc5 Bd5 33. Qc3 Qxc3 34. Rxc3
bxc5 35. Rxc5 Rc6 36. Rxc6 Bxc6 37. Rc1 1-0

[Event "Lliga Catalana eq. DH"]
[Site "?"]
[Date "2014.02.22"]
[Round "5.10"]
[White "Vallverdu Miret, O."]
[Black "De la Riva Aguado, J."]
[Result "1/2-1/2"]
[WhiteElo "2193"]
[BlackElo "2326"]
[PlyCount "32"]
[EventDate "2014.??.??"]
[EventType "team"]
[EventCountry "ESP"]

1. d4 Nf6 2. Nf3 e6 3. g3 d5 4. Bg2 Be7 5. O-O O-O 6. Nbd2 b6 7. Ne5 Bb7 8. Re1
c5 9. c3 Nc6 10. Nxc6 Bxc6 11. Nf3 Nd7 12. Bf4 Bb7 13. h4 Nf6 14. Ne5 Nh5 15.
Bd2 f6 16. Nd3 c4 1/2-1/2

[Event "Lliga Catalana eq. DH"]
[Site "?"]
[Date "2014.03.01"]
[Round "6"]
[White "Ayas Fernandez, A."]
[Black "Rivero Ojeda, C."]
[Result "1-0"]
[WhiteElo "2346"]
[BlackElo "2350"]
[PlyCount "125"]
[EventDate "2014.??.??"]
[EventType "team"]
[EventCountry "ESP"]

1. e4 g6 2. d4 Bg7 3. Nc3 d6 4. Be3 a6 5. Qd2 b5 6. Nf3 Bb7 7. Bd3 Nf6 8. Bh6
O-O 9. Bxg7 Kxg7 10. e5 Ne8 11. O-O-O c5 12. Be4 d5 13. dxc5 e6 14. Kb1 Nd7 15.
Bd3 Nxc5 16. h4 h6 17. Ne2 b4 18. Ned4 a5 19. Rh3 a4 20. Qxb4 Qe7 21. Rg3 Nc7
22. h5 g5 23. Nh4 Kh8 24. Nhf5 exf5 25. Nxf5 Qxe5 26. Qxc5 Ne6 27. Qd6 Qf6 28.
Qe7 Qxe7 29. Nxe7 Nf4 30. Nf5 Ba6 31. Nxh6 Bxd3 32. cxd3 Kg7 33. Nf5+ Kf6 34.
Nd4 Nxh5 35. Rf3+ Kg6 36. Re1 f6 37. g3 Ng7 38. g4 Rfb8 39. Nc6 Rb5 40. Ne7+
Kf7 41. Nf5 Nxf5 42. Rxf5 Rh8 43. Rc1 Rh4 44. Rc7+ Kg6 45. Rc6 Rxg4 46. Rfxf6+
Kg7 47. Rfd6 Rb7 48. Rxd5 Rf7 49. a3 Rxf2 50. Rd7+ Rf7 51. Rxf7+ Kxf7 52. Kc2
Rg2+ 53. Kc3 g4 54. Rc4 Ke6 55. Rxa4 Kf5 56. Ra8 g3 57. Rg8 Kf4 58. a4 Rh2 59.
b4 Kf3 60. a5 g2 61. a6 Rh1 62. Rxg2 Kxg2 63. b5 1-0

[Event "Lliga Catalana eq. DH"]
[Site "?"]
[Date "2014.03.01"]
[Round "6"]
[White "Boix Moreno, D."]
[Black "Marcet Bisbal, A."]
[Result "0-1"]
[WhiteElo "2386"]
[BlackElo "2372"]
[PlyCount "115"]
[EventDate "2014.??.??"]
[EventType "team"]
[EventCountry "ESP"]

1. e4 c5 2. Nc3 d6 3. Nge2 Nf6 4. d4 cxd4 5. Nxd4 a6 6. Be3 e5 7. Nb3 Be6 8. h3
Be7 9. f4 exf4 10. Bxf4 Nc6 11. Qe2 Nd7 12. O-O-O Nde5 13. Nd5 O-O 14. Kb1 Re8
15. Qd2 b5 16. Be2 Bf8 17. Bg5 Qb8 18. g4 Qb7 19. Bf4 a5 20. Nd4 Bxd5 21. exd5
Nxd4 22. Qxd4 Ng6 23. Bd3 Nxf4 24. Qxf4 Re5 25. g5 b4 26. h4 Qe7 27. Rhg1 g6
28. h5 Bg7 29. hxg6 hxg6 30. Qh4 Rc8 31. Rh1 Rxd5 32. Rde1 Re5 33. Ref1 Qxg5
34. Qh7+ Kf8 35. Bxg6 Re7 36. Rf5 Qe3 37. Qh4 Rce8 38. Bh5 Qe1+ 39. Bd1 Qxh4
40. Rxh4 Re1 41. Rd5 R8e5 42. Rxd6 Rg5 43. Rh3 Rgg1 44. Rhd3 a4 45. c3 bxc3 46.
bxc3 Bxc3 47. Kc2 Be5 48. Rd8+ Ke7 49. R8d5 f6 50. Ra5 Re4 51. Ra7+ Ke6 52.
Ra6+ Kf5 53. Rc6 Rb4 54. a3 Rb2+ 55. Kc1 Ra2 56. Rc4 Ra1+ 57. Kc2 Rg2+ 58. Rd2
0-1